000 00361nam a2200133 i 4500
001 bg
100 1 _aJAkubovič, A. L.
245 0 _aUskorennyj analiz mineralnogo syrja s primeneniem scintilljacionnoj apparatury /
_cA.L. Jakubowic.
260 _aMoskva,
_c1963.
040 _cBPK
041 _apol
942 _cKS
008 s pl f |000 0 pol
999 _c12806
_d12806
856 _uhttp://koha.tu.koszalin.pl/cgi-bin/koha/opac-detail.pl?biblionumber=12806
_yKatalog online BPK